Statistics for Top 10 Most Famous Countries Without an N in Them

Click here to take the quiz!

General Stats

  • This quiz has been taken 120 times
  • The average score is 8 of 10

Answer Stats

%country% Correct
96Russia
90%
94Brazil
87%
95Mexico
87%
94Australia
86%
94Italy
83%
87Egypt
76%
87Portugal
65%
87South Africa
63%
86Chile
58%
85South Korea
56%

Score Distribution

Percentile by Number Answered

Percent of People with Each Score

Your Score History

You have not taken this quiz